3º Congreso Argentino de Neumonologia Pediatrica. Programa Final y Libro de Resumenes (Registro nro. 1799)

Detalles MARC
000 -LEADER
fixed length control field 00769nam a2200217 a 4500
003 - CONTROL NUMBER IDENTIFIER
control field OSt
005 - FECHA ULTIMA MODIFICACION
control field 20131016144922.0
008 - FIXED-LENGTH DATA ELEMENTS--GENERAL INFORMATION
fixed length control field 131016s2002 ag ||||| |||| 10| 0 spa d
040 ## - CATALOGING SOURCE
Transcribing agency Biblioteca Medicina
041 ## - LANGUAGE CODE
Language code of text/sound track or separate title spa
082 ## - DEWEY DECIMAL CLASSIFICATION NUMBER
Item number CONGRESOS 2002
110 2# - MAIN ENTRY--CORPORATE NAME
Corporate name or jurisdiction name as entry element Sociedad Argentina de Pediatria
9 (RLIN) 2705
245 00 - TITLE STATEMENT
Title 3º Congreso Argentino de Neumonologia Pediatrica. Programa Final y Libro de Resumenes
260 ## - PUBLICATION, DISTRIBUTION, ETC. (IMPRINT)
Place of publication, distribution, etc Cordoba
Name of publisher, distributor, etc Sociedad Argentina de Pediatria
Date of publication, distribution, etc 2002
300 ## - PHYSICAL DESCRIPTION
Extent 197 p.
518 ## - DATE/TIME AND PLACE OF AN EVENT NOTE
Date/time and place of an event note Cordoba, Argentina. 20 al 23 de Noviembre de 2002
653 ## - INDEX TERM--UNCONTROLLED
Uncontrolled term PEDIATRIA-CONGRESOS-2002
653 ## - INDEX TERM--UNCONTROLLED
Uncontrolled term NEUMONOLOGIA-CONGRESOS-2002
942 ## - ADDED ENTRY ELEMENTS (KOHA)
Source of classification or shelving scheme Dewey Decimal Classification
Koha item type Hemeroteca
Existencias
Withdrawn status Lost status Fuente de clasificación Damaged status Not for loan Colección Ubicación permanente Ubicación actual Sala de ubicación Fecha de adquisición Total Checkouts Número de clasificación Date last seen Número de ejemplar Price effective from Koha tipo de elemento (item)
    Dewey Decimal Classification     Non-fiction Biblioteca Medicina Biblioteca Medicina Circulación 16/10/2013   CONGRESOS 2002 06/11/2014 Ej. 1 16/10/2013 Hemeroteca

UNIVERSIDAD NACIONAL DEL COMAHUE
Biblioteca de la Facultad de Ciencias Médicas
Sede Toschi: Los Arrayanes y Av. Toschi, Cipolletti  - Rio Negro
Sede Los Tordos:  Yrigoyen al 2211, Cipolletti - Rio Negro 

Teléfono: 0299 - 4774707 int 25
Contacto: biblioteca@facimed.uncoma.edu.ar
© 2011 - 2026